Normal view
MARC view
- المدرسون-تدريب-التعليم-فلسفة التدريس
Entry Topical Term
001 - CONTROL NUMBER
- control field: 50426
003 - CONTROL NUMBER IDENTIFIER
- control field: JO-AjAnu
005 - DATE AND TIME OF LATEST TRANSACTION
- control field: 20230606082313.0
008 - FIXED-LENGTH DATA ELEMENTS
- fixed length control field: 230606|| aca||aabn | a|a d
040 ## - CATALOGING SOURCE
- Original cataloging agency: JO-AjAnu
- Transcribing agency: JO-AjAnu
150 ## - HEADING--TOPICAL TERM
- Topical term or geographic name entry element: المدرسون-تدريب-التعليم-فلسفة التدريس
670 ## - SOURCE DATA FOUND
- Source citation: Work cat.: (JO-AjAnu)25780: عبدالله، عبد الرحمن صالح, author 50425, التربية العملية أهدافها ومبادئها